Normal view
MARC view
Entry Personal Name
001 - CONTROL NUMBER
- control field: 1925
003 - CONTROL NUMBER IDENTIFIER
- control field: BD-RjUL
005 - DATE AND TIME OF LATEST TRANSACTION
- control field: 20220320160607.0
008 - FIXED-LENGTH DATA ELEMENTS
- fixed length control field: 220320|| aca||aabn | a|a d
040 ## - CATALOGING SOURCE
- Original cataloging agency: BD-RjUL
- Transcribing agency: BD-RjUL
100 ## - HEADING--PERSONAL NAME
- Personal name: Siddiqua, Begum. Asma, Principal Supervisor
670 ## - SOURCE DATA FOUND
- Source citation: Work cat.: (BD-RjUL)79580: Hannan, Mohammad. Abdul 1923, Human rights of the accused under international Law and municipal Law :, 2005